| 000 | 00558nam a2200193 4500 | ||
|---|---|---|---|
| 003 | OSt | ||
| 005 | 20240708013013.0 | ||
| 006 | a | ||
| 008 | 240708b |||||||| |||| 00| 0 eng d | ||
| 020 | _a1563635704 | ||
| 040 |
_aDWCL-HMN lib. _cOC |
||
| 082 | _aCirc. 615.1 P578 2006 | ||
| 110 | _aThomson PDR | ||
| 245 | _aPDR for nonprescription drugs, dietary supplements and herbs / | ||
| 260 |
_aN. J. : _bThomson PDR, _cc2006. |
||
| 300 |
_bvarious paging : ill. ; _c25 cm. |
||
| 650 | _a1. Drugs-Handbooks, manuals, etc. | ||
| 942 |
_2ddc _n0 _cBK-CIRC _kCirc. |
||
| 999 |
_c2068 _d2068 |
||